Terengganu : A tale of extraordinary forests
| Corporate Author: | |
|---|---|
| Format: | Book |
| Published: |
Kuala Lumpur :
Forestry Department Peninsular Malaysia ,
2007
|
| Subjects: |
MARC
| LEADER | 00000cam a2200000 7i4500 | ||
|---|---|---|---|
| 001 | 0000003721 | ||
| 005 | 20110420.0 | ||
| 020 | 0 | 0 | |a 9839269529 |
| 090 | 0 | 0 | |a JPSM 634.909595 |b TER 2007 |
| 245 | 0 | 2 | |a Terengganu : |b A tale of extraordinary forests |
| 260 | 0 | 0 | |a Kuala Lumpur : |b Forestry Department Peninsular Malaysia , |c 2007 |
| 300 | |a 117p. : |b col. ill. ; |c 30 cm. | ||
| 650 | 0 | 0 | |a Forest |z Terengganu |
| 710 | 1 | 1 | |a MALAYSIA , |c Jabatan Perhutanan Semenanjung Malaysia |
| 998 | |a JPSM | ||
| 999 | |a 007589 |b Monograph |c Open Shelf |e Default branch | ||